Statistics for Domhnall Gleeson Filmography

Click here to take the quiz!

General Stats

  • This quiz has been taken 25 times
    (3 since last reset)
  • The average score is 19 of 68

Answer Stats

TypeYearName% Correct
Film2010Harry Potter and the Deathly Hallows - Part 1
100%
Film2011Harry Potter and the Deathly Hallows - Part 2
100%
Film2013About Time
67%
TV Show2013Black Mirror
67%
Film2024Echo Valley
67%
Film2015Ex Machina
67%
Film2017Goodbye Christopher Robin
67%
Film2018Peter Rabbit
67%
Film2021Peter Rabbit 2: The Runaway
67%
Film2017Star Wars: The Last Jedi
67%
Film2019Star Wars: The Rise of Skywalker
67%
Film2015The Revenant
67%
TV Mini-Series2023The White House Plumbers
67%
TV Film2009A Dog Year
33%
Film2018A Futile and Stupid Gesture
33%
TV Show2023Alice & Jack
33%
Theater2007American Buffalo
33%
Film2017American Made
33%
Film2012Anna Karenina
33%
Film2015Brooklyn
33%
Film2014Calvary
33%
TV Show2017Catastrophe
33%
Film2017Crash Pad
33%
Documentary Mini-Series2016Earth's Greatest Spectacles
33%
Film2014Frank
33%
Theater2007-2008Great Expectations
33%
Video Game2016Lego Star Wars: The Force Awakens
33%
Theater2021Medicine
33%
Film2017Mother!
33%
Film2010Never Let Me Go
33%
Film2009Perrier's Bounty
33%
TV Mini-Series2001Rebel Heart
33%
Film2012Shadow Dancer
33%
Short Film2004Six Shooter
33%
TV Show2019Star Wars Resistance
33%
Film2015Star Wars: The Force Awakens
33%
TV Show2005The Last Furlong
33%
Theater2001-2002, 2006The Lieutenant of Inishmore
33%
TV Mini-Series2022The Patient
33%
Theater2015The Walworth Farce
33%
Film2010True Grit
33%
TV Film2010When Harvey Met Bob
33%
TV Show2010Your Bad Self
33%
Film2005Boy Eats Girl
0%
Theater2005Chimps
0%
Short Film2009Corduroy
0%
Music Video2023De Selby (Part 2)
0%
Film2012Dredd
0%
Web Series2021Frank of Ireland
0%
Theme Park Attraction2014Harry Potter and the Escape from Gringotts
0%
TV Film2012Immaturity for Charity
0%
FilmTBANight Boat to Tangier
0%
Director2010Noreen
0%
Theater2008Now or Later
0%
Short Film2019Psychic
0%
TV Show2020Run
0%
Film2010Sensation
0%
Theater2003She Stoops to Conquer
0%
Short Film2005Stars
0%
Short Film2011Star Tours: The Adventures Continue
0%
Theme Park Attraction2019Star Wars: Rise of the Resistance
0%
Film2006Studs
0%
Film2019The Kitchen
0%
Film2018The Little Stranger
0%
Short Film2016The Tale of Thomas Burberry
0%
Film2014Unbroken
0%
Director2009What Will Survive of Us
0%
Short Story2023Worry World
0%

Score Distribution

Percentile by Number Answered

Percent of People with Each Score

Your Score History

You have not taken this quiz since the last reset